000 00739nam a2200265Ia 4500
003 OSt
005 20220925215659.0
006 a|||||r|||| 00| 0
007 ta
008 220923b |||||||| |||| 00| 0 eng d
020 _a0255362293
037 _cGeneral Book
040 _aRTL
_cRTL
_beng
041 _2eng
_aeng
082 _aX:(G:55), N0
100 _aBeckerman Wilfred
_9283309
245 0 _aPricing for pollution
_bAn analysis of market
250 _a2nd
260 _aLondon
_bInstitute of Economic Affairs U. K.
_c1990
300 _a80p
_ccm.
500 _aHobart Paper,66
650 _aEnvironmental Economics
942 _hX:(G:55), N0
_cGB
_2CC
999 _c569446
_d569446